Understanding aircraft structures. (4th edition) (Record no. 78442)

MARC details
000 -LEADER
fixed length control field 01396nam a2200229 a 4500
008 - FIXED-LENGTH DATA ELEMENTS--GENERAL INFORMATION
fixed length control field 190823s2005 ||||||||||||||||| || u
020 ## - INTERNATIONAL STANDARD BOOK NUMBER
International Standard Book Number 9781405120326
050 ## - LIBRARY OF CONGRESS CALL NUMBER
Classification number TL 671.6 Cut
100 ## - MAIN ENTRY--PERSONAL NAME
Personal name Cutler, John
245 10 - TITLE STATEMENT
Title Understanding aircraft structures. (4th edition)
Statement of responsibility, etc. By John Cutler ; Fourth edition revised by Jeremy Liber
250 ## - EDITION STATEMENT
Edition statement 4th edition
260 ## - PUBLICATION, DISTRIBUTION, ETC.
Place of publication, distribution, etc. Oxford
Name of publisher, distributor, etc. Blackwell Publishing
Date of publication, distribution, etc. 2005
300 ## - PHYSICAL DESCRIPTION
Extent vii, 213 pages : illustrations
650 #0 - SUBJECT ADDED ENTRY--TOPICAL TERM
Topical term or geographic name entry element AIRPLANES--DESIGN AND CONSTRUCTION
650 ## - SUBJECT ADDED ENTRY--TOPICAL TERM
Topical term or geographic name entry element AIRFRAMES
700 ## - ADDED ENTRY--PERSONAL NAME
Personal name Liber, Jeremy
995 ## -
-- MAIN LIBRARY OPEN ACCESS
-- 63.08
-- 749792
-- CBU-MAIN LIBRARY (Kitwe)
-- TL 671.6 Cut
-- 2
-- AVAILABLE
-- Aug 23, 2019
-- 749792
-- Main Library Open Access Collection
995 ## -
-- MAIN LIBRARY OPEN ACCESS
-- 63.08
-- 749791
-- CBU-MAIN LIBRARY (Kitwe)
-- TL 671.6 Cut
-- 1
-- AVAILABLE
-- Aug 23, 2019
-- 749791
-- Main Library Open Access Collection
995 ## -
-- MAIN LIBRARY OPEN ACCESS
-- 63.08
-- 749793
-- CBU-MAIN LIBRARY (Kitwe)
-- TL 671.6 Cut
-- 4
-- AVAILABLE
-- Aug 23, 2019
-- 749793
-- Main Library Open Access Collection
995 ## -
-- MAIN LIBRARY OPEN ACCESS
-- 63.08
-- 749794
-- CBU-MAIN LIBRARY (Kitwe)
-- TL 671.6 Cut
-- 3
-- AVAILABLE
-- Aug 23, 2019
-- 749794
-- Main Library Open Access Collection
995 ## -
-- MAIN LIBRARY OPEN ACCESS
-- 63.08
-- 749795
-- CBU-MAIN LIBRARY (Kitwe)
-- TL 671.6 Cut
-- 5
-- AVAILABLE
-- Aug 23, 2019
-- 749795
-- Main Library Open Access Collection
999 ## -
-- 78442
-- 78442
Holdings
Withdrawn status Lost status Source of classification or shelving scheme Damaged status Not for loan Permanent Location Current Location Shelving location Date acquired Total Checkouts Full call number Barcode Date last seen Copy number Price effective from Koha item type Date last checked out Checked out
          CBU-MAIN LIBRARY, KITWE. CBU-MAIN LIBRARY, KITWE.   05/17/2023   TL 671.6 Cut 749792 05/17/2023 1 05/17/2023 MONOGRAPH    
          CBU-MAIN LIBRARY, KITWE. CBU-MAIN LIBRARY, KITWE.   05/17/2023   TL 671.6 Cut 749791 05/17/2023 2 05/17/2023 MONOGRAPH    
          CBU-MAIN LIBRARY, KITWE. CBU-MAIN LIBRARY, KITWE.   05/17/2023 1 TL 671.6 Cut 749793 02/03/2025 3 05/17/2023 MONOGRAPH 01/20/2025  
          CBU-MAIN LIBRARY, KITWE. CBU-MAIN LIBRARY, KITWE.   05/17/2023   TL 671.6 Cut 749794 05/17/2023 4 05/17/2023 MONOGRAPH    
          CBU-MAIN LIBRARY, KITWE. CBU-MAIN LIBRARY, KITWE.   05/17/2023 1 TL 671.6 Cut 749795 05/28/2026 5 05/17/2023 MONOGRAPH 05/28/2026 07/29/2026